| 000 | 00662nam a2200193 i 4500 | ||
|---|---|---|---|
| 001 | 36887 | ||
| 003 | ES-MaACL | ||
| 005 | 20250702170746.0 | ||
| 007 | t| | ||
| 008 | 030219s1962 sp a |||| | spa d | ||
| 100 | 1 |
_aBullón Ramírez, Agustín. _932520 |
|
| 245 | 1 | 0 |
_aAnatomía patológica de los tumores del sistema nervioso / _cpor Agustín Bullón Ramírez ; prólogo del profesor Fernando de Castro. |
| 260 |
_aMadrid : _bPaz Montalvo, _c1962. |
||
| 300 |
_a233 p. : _bil. ; _c25 cm. |
||
| 650 | 0 | 4 |
_aSistema nervioso- _xEnfermedades. _917135 |
| 700 | 1 |
_aCastro, Fernando de, _d1896-1967 _9150498 |
|
| 852 |
_aES-MaACL _jC-22822 |
||
| 999 |
_c36887 _d36887 |
||